000 00553nam a22001817a 4500
005 20260406135446.0
008 260406b |||||||| |||| 00| 0 eng d
037 _cDSWL
040 _aDSWL
_cDSWL
041 _heng
245 _aCritical social policy and he capability apporach
260 _aOpladen,
_bBarbara Budrich Publication,
_c2014
300 _a255p
365 _aEuro
_b49.53
700 _aHolger Ziegler Ed.
_91234137
942 _2CC
_cTEXL
_n0
999 _c1847990
_d1847990